000 00578nam a22001817a 4500
005 20251108164045.0
008 250721s1986 xx 000 0 ara d
082 1 4 _a216,8/محم
100 1 _aالباز، محمد علي
245 1 0 _aالأسرار الطبية والأحكام الفقهية في تحريم الخنزير /
264 1 _aجده :
_bالدار السعودية،
_c1986.
300 _a344ص
650 1 7 _aالإسلام
700 1 _aالعسولي، سفيان محمد
700 1 _aمحمد، خالد أمين
942 _2ddc
_cBK
999 _c2531
_d2531